Statistics for New England Patriots 2018 Offseason Additions

Click here to take the quiz!

General Stats

  • This quiz has been taken 49 times
    (46 since last reset)
  • The average score is 6 of 17

Answer Stats

Former TeamPositionPlayer% Correct
DRAFTRBSony Michel
86%
DRAFTOLIsaiah Wynn
83%
Cincinnati BengalsRBJeremy Hill
63%
Atlanta FalconsDEAdrian Clayborn
49%
Cleveland BrownsCBJason McCourty
49%
Oakland RaidersWRCordarrelle Patterson
46%
Cleveland BrownsDLDanny Shelton
40%
DRAFTQBDanny Etling
34%
DRAFTTERyan Izzo
26%
Tennessee TitansWREric Decker
17%
DRAFTLBJa'Whaun Bentley
17%
DRAFTWRBraxton Berrios
17%
DRAFTCBDuke Dawson
11%
DRAFTLBChristian Sam
11%
Seattle SeahawksOLMatt Tobin
6%
Greenbay PackersOLUlrick John
6%
DRAFTCBKeion Crossen
6%

Score Distribution

Percentile by Number Answered

Percent of People with Each Score

Your Score History

You have not taken this quiz since the last reset